[Event "Cutro op 25th"]
[Site "Cutro"]
[Date "2019.09.09"]
[Round "1"]
[White "Carbone, Stefano"]
[Black "Vorobiov, Evgeny E"]
[Result "0-1"]
[WhiteElo "2138"]
[BlackElo "2552"]
[PlyCount "68"]
[EventDate "2019.09.09"]
[EventType "swiss"]
[EventRounds "9"]
[EventCountry "ITA"]
[SourceTitle "EXT 2020"]
[Source "ChessBase"]
[SourceDate "2019.10.17"]
[SourceVersion "1"]
[SourceVersionDate "2019.10.17"]
[SourceQuality "1"]

1. Nf3 g6 2. g3 Bg7 3. d4 b6 4. Bg2 Bb7 5. 0-0 Nf6 6. c4 0-0 7. Nc3 Ne4 8. Bd2 c5 9. Nxe4 Bxe4 10. Bc3 d6 11. Rc1 Nd7 12. d5 Bxf3 13. exf3 a6 14. Bxg7 Kxg7 15. Re1 b5 16. Qd2 Rb8 17. b3 bxc4 18. Rxc4 Nf6 19. f4 a5 20. Qc3 Rb4 21. a3 Rb7 22. Ra4 Qc7 23. b4 axb4 24. axb4 Qd7 25. Rea1 Rfb8 26. h3 Rxb4 27. Rxb4 cxb4 28. Qb2 h5 29. Rd1 Qf5 30. Rd4 b3 31. Rd2 Kh7 32. Kh2 Nd7 33. Qd4 Nc5 34. Rb2 Qd3 0-1

[Event "Cesenatico op 23rd"]
[Site "Cesenatico"]
[Date "2019.09.02"]
[Round "2"]
[White "Carbone, Stefano"]
[Black "Dragojlovic, Andjelko"]
[Result "1/2-1/2"]
[WhiteElo "2138"]
[BlackElo "2293"]
[PlyCount "23"]
[EventDate "2019.09.01"]
[EventType "swiss"]
[EventRounds "9"]
[EventCountry "ITA"]
[SourceTitle "EXT 2020"]
[Source "ChessBase"]
[SourceDate "2019.10.17"]
[SourceVersion "1"]
[SourceVersionDate "2019.10.17"]
[SourceQuality "1"]

1. Nf3 c5 2. c4 g6 3. g3 Bg7 4. Bg2 Nf6 5. 0-0 0-0 6. d4 cxd4 7. Nxd4 Nc6 8. Nc3 Nxd4 9. Qxd4 d6 10. Qd3 a6 11. Bd2 Bf5 12. e4 1/2-1/2

[Event "Amantea op 16th"]
[Site "Amantea"]
[Date "2018.09.09"]
[Round "1"]
[White "Iniyan, Panneerseluam"]
[Black "Carbone, Stefano"]
[Result "1-0"]
[WhiteElo "2481"]
[BlackElo "2137"]
[PlyCount "89"]
[EventDate "2018.09.09"]
[EventType "swiss"]
[EventRounds "9"]
[EventCountry "ITA"]
[SourceTitle "CBM 186 Extra"]
[Source "ChessBase"]
[SourceDate "2018.08.24"]
[SourceVersion "1"]
[SourceVersionDate "2018.08.24"]
[SourceQuality "1"]

1. d4 d5 2. c4 c6 3. Nf3 Nf6 4. Nc3 a6 5. a4 e6 6. g3 dxc4 7. Bg2 c5 8. 0-0 Nc6 9. Be3 cxd4 10. Nxd4 Bd7 11. Nxc6 Bxc6 12. Bxc6+ bxc6 13. Qc2 Qa5 14. Ne4 Be7 15. Qxc4 0-0 16. Qxc6 Rac8 17. Qb7 Rc7 18. Nxf6+ Bxf6 19. Qb3 Rcc8 20. Rab1 Rb8 21. Qa3 Rb7 22. Bc5 Rc8 23. b4 Qd8 24. Rbd1 Rd7 25. Qb3 h6 26. Rxd7 Qxd7 27. Rd1 Qb7 28. Be3 Rc3 29. Rd8+ Kh7 30. Qb1+ g6 31. Rd6 Bg5 32. Bxg5 hxg5 33. b5 axb5 34. axb5 Qc7 35. Rd1 Qb7 36. Qb2 Rc5 37. b6 Rc6 38. Rb1 Kg8 39. Qd2 g4 40. Qd4 Kf8 41. Qe5 Ke8 42. Qa5 Ke7 43. Qa3+ Kf6 44. Qa4 Ke7 45. Qxc6 1-0

[Event "ITA-chT 50th"]
[Site "Gallipoli"]
[Date "2018.04.30"]
[Round "5.3"]
[White "Piscopo, Pierluigi"]
[Black "Carbone, Stefano"]
[Result "1/2-1/2"]
[WhiteElo "2406"]
[BlackElo "2101"]
[PlyCount "57"]
[EventDate "2018.04.27"]
[EventType "team-swiss"]
[EventRounds "7"]
[EventCountry "ITA"]
[SourceTitle "CBM 184 Extra"]
[Source "ChessBase"]
[SourceDate "2018.06.28"]
[SourceVersion "1"]
[SourceVersionDate "2018.06.28"]
[SourceQuality "1"]
[WhiteTeam "Partenopea"]
[BlackTeam "Carrera Don Pietro"]
[WhiteTeamCountry "ITA"]
[BlackTeamCountry "ITA"]

1. e4 d5 2. exd5 Qxd5 3. Nc3 Qd6 4. d4 c6 5. Nf3 Nf6 6. Be2 Bg4 7. 0-0 Nbd7 8. a4 e6 9. a5 Be7 10. a6 b5 11. Ne5 Bxe2 12. Qxe2 Qc7 13. Bf4 Bd6 14. Rfd1 0-0 15. Rd3 b4 16. Na4 Nd5 17. Bg3 Bxe5 18. dxe5 c5 19. c4 Ne7 20. Qe4 Rab8 21. Rad1 Nb6 22. Nxb6 Qxb6 23. Rd6 Qa5 24. Rd7 Nf5 25. Rxa7 Rb6 26. Ra8 Rxa6 27. Rxf8+ Kxf8 28. Qb7 Ra8 29. h3 1/2-1/2

[Event "Locri op 2nd"]
[Site "Locri"]
[Date "2014.04.19"]
[Round "7"]
[White "Carbone, Stefano"]
[Black "Inkiov, Ventzislav"]
[Result "1/2-1/2"]
[WhiteElo "2085"]
[BlackElo "2427"]
[PlyCount "184"]
[EventDate "2014.04.16"]
[EventType "swiss"]
[EventRounds "7"]
[EventCountry "ITA"]
[SourceTitle "EXT 2017"]
[Source "ChessBase"]
[SourceDate "2016.10.25"]
[SourceVersion "1"]
[SourceVersionDate "2016.10.25"]
[SourceQuality "1"]

1. Nf3 d5 2. g3 c5 3. Bg2 Nc6 4. d4 e6 5. 0-0 Nf6 6. c4 dxc4 7. Qa4 Bd7 8. dxc5 Na5 9. Qc2 Bxc5 10. Ne5 Rc8 11. Bg5 Qc7 12. Bxf6 gxf6 13. Nxd7 Qxd7 14. Rd1 Qc7 15. Qa4+ Ke7 16. Nc3 Rhd8 17. Ne4 f5 18. Rxd8 Rxd8 19. Nxc5 Qxc5 20. b4 cxb3 21. axb3 Qc3 22. Qa3+ Kf6 23. Rc1 Qe5 24. Bf3 Nc6 25. e3 Qb5 26. Rc5 Qd3 27. Qa1+ Kg6 28. h4 f6 29. Bxc6 bxc6 30. Rxc6 Qxb3 31. Rc1 Rd7 32. Qa6 Rd1+ 33. Rxd1 Qxd1+ 34. Kg2 Qd7 35. Kf1 e5 36. Kg2 f4 37. exf4 exf4 38. Kf3 fxg3 39. fxg3 Qd4 40. Qa2 Kg7 41. Qe6 Qc3+ 42. Kg2 Qc7 43. Qg4+ Kf8 44. Qf5 Qc6+ 45. Kf1 a5 46. Kf2 a4 47. Qxh7 Qc5+ 48. Kg2 a3 49. Qh8+ Kf7 50. Qh7+ Ke6 51. Qe4+ Qe5 52. Qc6+ Qd6 53. Qe4+ Kd7 54. Qb7+ Ke8 55. Qe4+ Kf8 56. Qa8+ Kg7 57. Qa7+ Kg6 58. Qa8 Qd2+ 59. Kh3 a2 60. Qg8+ Kf5 61. Qh7+ Ke6 62. Qg8+ Ke5 63. Qe8+ Kf5 64. Qh5+ Ke4 65. Qe8+ Kd4 66. Qd8+ Kc3 67. Qxf6+ Qd4 68. Qc6+ Qc4 69. Qf6+ Qd4 70. Qc6+ Kb4 71. Qb7+ Ka3 72. Qa6+ Qa4 73. Qd3+ Kb2 74. Qd2+ Qc2 75. Qb4+ Qb3 76. Qd2+ Kb1 77. Qe1+ Kc2 78. Qe2+ Kc3 79. Qe3+ Kb4 80. Qb6+ Kc4 81. Qe6+ Kc3 82. Qe3+ Kc2 83. Qe2+ Kb1 84. Qe1+ Kb2 85. Qd2+ Qc2 86. Qb4+ Kc1 87. Qe1+ Qd1 88. Qc3+ Kb1 89. Qb4+ Ka1 90. Qc3+ Kb1 91. Qb4+ Ka1 92. Qc3+ Kb1 1/2-1/2

[Event "Locri op 2nd"]
[Site "Locri"]
[Date "2014.04.17"]
[Round "4"]
[White "Arnetta, Maria Teresa"]
[Black "Carbone, Stefano"]
[Result "0-1"]
[WhiteElo "1998"]
[BlackElo "2085"]
[PlyCount "82"]
[EventDate "2014.04.16"]
[EventType "swiss"]
[EventRounds "7"]
[EventCountry "ITA"]
[SourceTitle "EXT 2017"]
[Source "ChessBase"]
[SourceDate "2016.10.25"]
[SourceVersion "1"]
[SourceVersionDate "2016.10.25"]
[SourceQuality "1"]

1. e4 d5 2. exd5 Qxd5 3. Nc3 Qd6 4. d4 Nf6 5. Nb5 Qb6 6. c4 c6 7. Nc3 Bf5 8. Nf3 e6 9. Be2 Nbd7 10. 0-0 Be7 11. a3 a5 12. Nh4 Bg6 13. Bf4 0-0 14. Nxg6 hxg6 15. Na4 Qa7 16. Bf3 Rad8 17. Be3 Qb8 18. Qe2 Bd6 19. g3 e5 20. dxe5 Nxe5 21. Bg2 b5 22. cxb5 cxb5 23. Nc3 Nc4 24. Bg5 Rfe8 25. Qc2 Rc8 26. Rfd1 Be5 27. Rd3 Rc7 28. Bd2 Qb6 29. Qb3 Rb8 30. Re1 Nxd2 31. Rxd2 Bxc3 32. bxc3 Qc5 33. Rd3 Ng4 34. Re2 Qh5 35. h3 Nf6 36. Rde3 Qc5 37. g4 Qc4 38. Qd1 Rd7 39. Qe1 Rbd8 40. Re8+ Nxe8 41. Rxe8+ Kh7 0-1

[Event "Palmi op 5th"]
[Site "Palmi"]
[Date "2012.01.05"]
[Round "8"]
[White "Marzaduri, Riccardo"]
[Black "Carbone, Stefano"]
[Result "1-0"]
[WhiteElo "1830"]
[BlackElo "1985"]
[PlyCount "81"]
[EventDate "2012.01.02"]
[EventType "swiss"]
[EventRounds "9"]
[EventCountry "ITA"]
[SourceTitle "CBM 146 Extra"]
[Source "ChessBase"]
[SourceDate "2012.02.29"]
[SourceVersion "1"]
[SourceVersionDate "2012.02.29"]
[SourceQuality "1"]

1. e4 g6 2. d4 Bg7 3. Nc3 c6 4. Bc4 d6 5. Be3 b5 6. Bd3 Nd7 7. Qd2 a6 8. Nce2 Bb7 9. c3 Qc7 10. Nf3 c5 11. d5 h6 12. 0-0 Ngf6 13. a4 c4 14. Bc2 Nc5 15. Bxc5 Qxc5 16. Nfd4 0-0 17. Kh1 Nd7 18. f4 Qb6 19. f5 g5 20. Qe3 Ne5 21. Qg3 Nd7 22. h4 f6 23. a5 Qa7 24. Ne6 Rf7 25. N2d4 Nf8 26. Bd1 Nxe6 27. Nxe6 Bf8 28. Bh5 Rh7 29. Bg6 Rh8 30. Qg4 Bc8 31. Qh5 Bxe6 32. dxe6 Rh7 33. Bxh7+ Kxh7 34. hxg5 fxg5 35. Qf7+ Kh8 36. f6 exf6 37. Qxa7 Rxa7 38. Rxf6 Bg7 39. Rf7 Ra8 40. Rd7 Be5 41. e7 1-0

[Event "Messina op-A 1st"]
[Site "Messina"]
[Date "2011.08.31"]
[Round "5"]
[White "Pisacane, Pietro"]
[Black "Carbone, Stefano"]
[Result "1-0"]
[WhiteElo "1948"]
[BlackElo "1911"]
[PlyCount "83"]
[EventDate "2011.08.28"]
[EventType "swiss"]
[EventRounds "9"]
[EventCountry "ITA"]
[SourceTitle "CBM 144 Extra"]
[Source "ChessBase"]
[SourceDate "2011.10.28"]
[SourceVersion "1"]
[SourceVersionDate "2011.10.28"]
[SourceQuality "1"]

1. d4 d5 2. c4 c6 3. Nc3 Nf6 4. Nf3 dxc4 5. a4 Bf5 6. Ne5 e6 7. Nxc4 Bb4 8. f3 0-0 9. Bg5 h6 10. Bh4 Be7 11. Bf2 Nbd7 12. e4 Bh7 13. Bd3 c5 14. d5 exd5 15. exd5 Bxd3 16. Qxd3 Nb6 17. Nxb6 axb6 18. 0-0 Ne8 19. Nb5 Nd6 20. b3 Qd7 21. Nxd6 Bxd6 22. g3 Rfd8 23. f4 Ra5 24. Be1 Raa8 25. Bc3 Rdc8 26. Qc4 Rd8 27. Rad1 Re8 28. Rf3 Re7 29. f5 f6 30. Qg4 Be5 31. d6 Ree8 32. Rd5 Bxc3 33. Rxc3 Re1+ 34. Kf2 Rae8 35. Qc4 R8e4 36. Rd4+ Kh7 37. Rxe4 Rd1 38. Rf3 Qxd6 39. Re2 Rh1 40. Qe6 Qd1 41. Kg2 Rg1+ 42. Kh3 1-0

[Event "Messina op-A 1st"]
[Site "Messina"]
[Date "2011.08.28"]
[Round "1"]
[White "Bonanzinga, Corrado"]
[Black "Carbone, Stefano"]
[Result "0-1"]
[WhiteElo "2136"]
[BlackElo "1911"]
[PlyCount "72"]
[EventDate "2011.08.28"]
[EventType "swiss"]
[EventRounds "9"]
[EventCountry "ITA"]
[SourceTitle "CBM 144 Extra"]
[Source "ChessBase"]
[SourceDate "2011.10.28"]
[SourceVersion "1"]
[SourceVersionDate "2011.10.28"]
[SourceQuality "1"]

1. d4 d5 2. c4 c6 3. Nc3 Nf6 4. Nf3 dxc4 5. a4 Bf5 6. Ne5 e6 7. Nxc4 Nbd7 8. g3 Nb6 9. Ne5 Bb4 10. Bg2 Ne4 11. 0-0 Nxc3 12. bxc3 Bxc3 13. Ba3 Bxa1 14. Qxa1 f6 15. e4 fxe5 16. exf5 Qxd4 17. Bb2 Qxa4 18. Bxe5 Qxa1 19. Rxa1 exf5 20. Bxg7 Rg8 21. Bd4 Kf7 22. Bh3 Kg6 23. Bf1 Rgd8 24. Be3 Nd7 25. Bd2 a6 26. h4 Nf6 27. Be3 Rd7 28. Ra5 Rd5 29. Ra4 Re8 30. Bb6 Re1 31. Kg2 Ng4 32. Rf4 Rdd1 33. Bc4 Ne5 34. h5+ Kg7 35. f3 Rd2+ 36. Bf2 Nxc4 0-1

[Event "St Eufemia d'Aspromonte op 4th"]
[Site "St Eufemia d'Aspromonte"]
[Date "2011.01.02"]
[Round "1"]
[White "Carbone, Stefano"]
[Black "Dragojlovic, Andjelko"]
[Result "0-1"]
[WhiteElo "1905"]
[BlackElo "2379"]
[PlyCount "141"]
[EventDate "2011.01.02"]
[EventType "swiss"]
[EventRounds "9"]
[EventCountry "ITA"]
[SourceTitle "CBM 140 Extra"]
[Source "ChessBase"]
[SourceDate "2011.03.01"]
[SourceVersion "1"]
[SourceVersionDate "2011.03.01"]
[SourceQuality "1"]

1. c4 Nf6 2. g3 g6 3. Bg2 Bg7 4. Nc3 0-0 5. Nf3 d5 6. cxd5 Nxd5 7. 0-0 c5 8. Nxd5 Qxd5 9. d3 Nc6 10. Nd2 Qh5 11. Bf3 Bg4 12. Bxg4 Qxg4 13. Nf3 Rfd8 14. Qc2 b6 15. a3 Rac8 16. Re1 h6 17. Rb1 Qh3 18. Qa4 Rd5 19. Nd2 Re5 20. Nf1 Qe6 21. Ne3 Rh5 22. Qg4 Qxg4 23. Nxg4 Nd4 24. Bd2 Nb3 25. Bc3 Rd5 26. Ne3 Rd7 27. Red1 Rcd8 28. a4 e5 29. Re1 f6 30. Nc4 h5 31. h4 Kf7 32. Kg2 Bh6 33. Rh1 Re8 34. Rhd1 Re6 35. Kf1 a6 36. Ke1 Rc6 37. Bd2 Bf8 38. Bc3 b5 39. axb5 axb5 40. Nd2 Nd4 41. Ra1 Nc2+ 42. Kf1 Nxa1 43. Rxa1 c4 44. dxc4 bxc4 45. Ne4 Rb7 46. Ra2 Be7 47. Bd2 f5 48. Ng5+ Bxg5 49. Bxg5 Rcb6 50. Ra4 Rc6 51. Ra2 Ke6 52. Bd2 Rbb6 53. Bc3 Ra6 54. Rxa6 Rxa6 55. Ke1 f4 56. Kf1 Ra1+ 57. Kg2 Kf5 58. f3 fxg3 59. Kxg3 e4 60. Kg2 Rd1 61. Kg3 Rh1 62. Bd2 exf3 63. exf3 Rd1 64. Bc3 g5 65. hxg5 Kxg5 66. f4+ Kf5 67. Be5 Rf1 68. Bd6 Ke4 69. Bc7 Rf3+ 70. Kh4 Rxf4+ 71. Kxh5 0-1